History Quiz

Random History or Famous Quiz

Famous Figures by Country of Birth Quiz Stats

 Plays Quiz Updated Jul 14, 2016

Support Sporcle.
Go Orange.
Score 0/20 Timer 04:00
2 Plays Today
% Correct
Fidel Castro
95.2%
Mahatma Gandhi
94.8%
Nelson Mandela
94.4%
Mao Zedong
92.5%
Christopher Columbus
90.2%
Osama bin Laden
90.2%
Buzz Aldrin
90.1%
Che Guevara
85.9%
Ban Ki-moon
84.9%
Anne Frank
84.7%
% Correct
Alfred Nobel
82.3%
Idi Amin
79.3%
Joseph Stalin
79.1%
Oscar Wilde
77.4%
Corazon Aquino
72.3%
Marie Antoinette
70%
Marie Curie
67.3%
Ada Lovelace
48.8%
Golda Meir
37%
Madeleine Albright
35.1%

You're not logged in!

Compare scores with friends on all Sporcle quizzes.
OR
Log In

From the Vault

Top 10 Artists Each Year (1960s)

by jmsr525

Peace, love, and great music.
Remove Ads.
Support Sporcle.
Get the best of Sporcle when you Go Orange. This ad-free experience offers more features, more stats, and more fun while also helping to support Sporcle. Thank you for becoming a member.

Show Comments

Extras

Top Quizzes Today


Score Distribution

Your Account Isn't Verified!

In order to create a playlist on Sporcle, you need to verify the email address you used during registration. Go to your Sporcle Settings to finish the process.

Report this User

Report this user for behavior that violates our Community Guidelines.

Details: